00652nam a2200193Ia 4500008004100000020001300041082001800054100001500072245009200087250000700179260003600186300003300222500002600255600001500281650001500296942000700311952012300318999001700441240925s9999 xx 000 0 und d a71349847 a658.40353 WES aWest, Edie 4aThe Big Book of Icebreakers: quick,fun activities for energizing meeting and workshops  aNA aNew York:bMc Graw HIllc,1999. aVarious pagesbN.AfOriginal aIncludes Bibliography aManagement aManagement cBK 001040708MANaUITUbUITUd2013-04-16eP.I.A g1653.85l0o658.40353 WESpQ9718r2024-09-25 07:15:25w2024-09-25yBK c12217d12217